[Event "Copenhagen Chess Challenge 2019"]
[Site "Ballerup"]
[Date "2019.05.17"]
[Round "5"]
[White "Ertan, Can"]
[Black "Haldorsen, Benjamin"]
[Result "1/2-1/2"]
[WhiteElo "2391"]
[BlackElo "2437"]
[PlyCount "50"]
[EventDate "2019.05.15"]
[EventRounds "9"]

1. e4 c5 2. Nf3 e6 3. d4 cxd4 4. Nxd4 Nc6 5. Nc3 Qc7 6. Be3 a6 7. g4 b5 8. Nxc6
Qxc6 9. a3 Bb7 10. Rg1 Rc8 11. Qd4 Nf6 12. e5 Nd5 13. Bg2 Nxe3 14. Qxe3 Qc7 15.
Bxb7 Qxb7 16. O-O-O Rc4 17. Rd3 Bc5 18. Qg5 O-O 19. Rgd1 Qg2 20. f3 Qxh2 21.
R1d2 Qg1+ 22. Rd1 Qh2 23. R1d2 Qg1+ 24. Rd1 Qh2 25. R1d2 Qg1+ 1/2-1/2

[Event "Copenhagen Chess Challenge 2019"]
[Site "Ballerup"]
[Date "2019.05.17"]
[Round "5"]
[White "Chatalbashev, Boris"]
[Black "Burmakin, Vladimir"]
[Result "1/2-1/2"]
[WhiteElo "2514"]
[BlackElo "2519"]
[PlyCount "67"]
[EventDate "2019.05.15"]
[EventRounds "9"]

1. c4 c6 2. Nf3 d5 3. g3 Bf5 4. Qb3 Qb6 5. cxd5 Bxb1 6. Qxb6 axb6 7. Rxb1 cxd5
8. a3 Nf6 9. d3 e6 10. Be3 Bc5 11. Rc1 Nbd7 12. d4 Bd6 13. Bf4 Ke7 14. Bxd6+
Kxd6 15. e3 Rhc8 16. Rb1 Rc7 17. Bd3 Rac8 18. Ke2 Ne4 19. Nd2 Nxd2 20. Kxd2 e5
21. dxe5+ Nxe5 22. Bf5 Re8 23. Rhd1 g6 24. Bh3 f5 25. Bg2 Ng4 26. Ke1 Nf6 27.
Rd4 Rc2 28. Rbd1 Re5 29. R4d2 Rxd2 30. Rxd2 Ne4 31. Rc2 Re8 32. Ke2 Ra8 33. h3
Ra5 34. g4 1/2-1/2

[Event "Copenhagen Chess Challenge 2019"]
[Site "Ballerup"]
[Date "2019.05.17"]
[Round "5"]
[White "Okhotnik, Vladimir"]
[Black "Kaasen, Tor Fredrik"]
[Result "1/2-1/2"]
[WhiteElo "2347"]
[BlackElo "2398"]
[PlyCount "99"]
[EventDate "2019.05.15"]
[EventRounds "9"]

1. e4 e6 2. d4 d5 3. exd5 exd5 4. Nf3 Nf6 5. c4 Be6 6. cxd5 Nxd5 7. Nc3 Be7 8.
Bd3 O-O 9. O-O Nd7 10. Re1 c6 11. a3 Re8 12. Bc2 Nf8 13. Ne4 h6 14. Bd2 a5 15.
Qc1 Ng6 16. Ng3 Bf8 17. Bxg6 fxg6 18. Qc2 g5 19. Re2 Nf4 20. Bxf4 gxf4 21. Ne4
Bg4 22. Rae1 Bxf3 23. Qb3+ Kh8 24. Qxf3 Qxd4 25. Qxf4 Rad8 26. g3 Rd7 27. Nc5
Qxf4 28. Rxe8 Qf7 29. Nxd7 Qxd7 30. Rxf8+ Kh7 31. Rfe8 Qd2 32. R8e2 Qd3 33. Re7
Qd2 34. b3 b5 35. a4 Qb4 36. axb5 cxb5 37. R1e3 Qd4 38. h4 a4 39. bxa4 bxa4 40.
R7e4 Qd1+ 41. Kh2 Qc2 42. Rf4 g5 43. hxg5 hxg5 44. Rff3 Kg6 45. Re6+ Kh5 46.
Rff6 a3 47. Kh3 g4+ 48. Kg2 Kg5 49. Rf4 Qb2 50. Ree4 1/2-1/2

[Event "Copenhagen Chess Challenge 2019"]
[Site "Ballerup"]
[Date "2019.05.17"]
[Round "5"]
[White "Haub, Thorsten Michael"]
[Black "Moe, Mogens"]
[Result "1-0"]
[WhiteElo "2398"]
[BlackElo "2136"]
[PlyCount "85"]
[EventDate "2019.05.15"]
[EventRounds "9"]

1. Nf3 Nf6 2. g3 g6 3. Bg2 Bg7 4. O-O O-O 5. d3 d5 6. Nbd2 c5 7. e4 Nc6 8. c3
dxe4 9. dxe4 Qc7 10. Qe2 b6 11. Re1 a5 12. a4 Ba6 13. Nc4 Ng4 14. Bf4 e5 15.
Bc1 Rad8 16. h3 Nf6 17. Bf1 Ne8 18. Qc2 Bxc4 19. Bxc4 Nd6 20. Bf1 h6 21. Nh4
Ne7 22. Ng2 f5 23. exf5 gxf5 24. Ne3 f4 25. Nc4 fxg3 26. fxg3 Ndf5 27. Qg2 Kh8
28. Ne3 Bf6 29. Ng4 Rg8 30. Kh2 Qd6 31. Bc4 Rg6 32. Bf7 Rg7 33. Bb3 h5 34. Rd1
hxg4 35. Rxd6 Nxd6 36. Bc2 gxh3 37. Qxh3+ Kg8 38. Bh6 Rf7 39. Rf1 Bg7 40. Qg4
Rdf8 41. Rxf7 Rxf7 42. Bxg7 Rxg7 43. Qe6+ 1-0

[Event "Copenhagen Chess Challenge 2019"]
[Site "Ballerup"]
[Date "2019.05.17"]
[Round "5"]
[White "Heimisson, Hilmir Freyr"]
[Black "Hacker, Jonas"]
[Result "0-1"]
[WhiteElo "2311"]
[BlackElo "2386"]
[PlyCount "144"]
[EventDate "2019.05.15"]
[EventRounds "9"]

1. d4 d5 2. c4 e6 3. Nf3 Nf6 4. Nc3 Bb4 5. Bg5 dxc4 6. e4 c5 7. Bxc4 cxd4 8.
Nxd4 Bxc3+ 9. bxc3 Qa5 10. Bxf6 Qxc3+ 11. Kf1 gxf6 12. Rc1 Qa5 13. h4 Ke7 14.
Rh3 Nc6 15. Nxc6+ bxc6 16. Rd3 Rb8 17. Kg1 Rd8 18. Rxd8 Qxd8 19. Qa4 Qd4 20.
Rd1 Qc5 21. Bb3 e5 22. Rd2 Rb4 23. Rc2 Rxa4 24. Rxc5 Ra6 25. Bc4 Rb6 26. Ra5
Rb7 27. Bb3 Rc7 28. Kf1 c5 29. Ke1 c4 30. Bc2 Be6 31. Kd2 Kf8 32. Kc3 Kg7 33.
g3 Kg6 34. f4 exf4 35. gxf4 Kh6 36. Bd1 Bh3 37. Ra6 Kg7 38. a4 Bg2 39. Bc2 Re7
40. Kd4 Rd7+ 41. Kc3 Re7 42. Kd4 Rd7+ 43. Kc3 Bf1 44. Rc6 Bd3 45. e5 fxe5 46.
fxe5 Rd5 47. h5 Bxc2 48. h6+ Kf8 49. Kxc2 Rxe5 50. Rc8+ Re8 51. Rxc4 a6 52. Kc3
Re6 53. Rh4 Ke7 54. a5 Kf6 55. Kc4 Kg5 56. Rh1 Rxh6 57. Rg1+ Kf6 58. Kc5 Ke7
59. Re1+ Re6 60. Rh1 h6 61. Rh5 Rg6 62. Rh2 Kf8 63. Rf2 Kg7 64. Rf1 h5 65. Rf4
Rf6 66. Rb4 Rg6 67. Rf4 Rh6 68. Rh4 Kg6 69. Rh1 h4 70. Kb6 Kg5+ 71. Ka7 h3 72.
Rg1+ Kh4 0-1

[Event "Copenhagen Chess Challenge 2019"]
[Site "Ballerup"]
[Date "2019.05.17"]
[Round "5"]
[White "Haubro, Martin"]
[Black "Shehzad, Shazil"]
[Result "0-1"]
[WhiteElo "2380"]
[BlackElo "2016"]
[PlyCount "70"]
[EventDate "2019.05.15"]
[EventRounds "9"]

1. e4 c5 2. Nf3 d6 3. d4 cxd4 4. Nxd4 Nf6 5. Nc3 a6 6. h3 b5 7. g4 Bb7 8. Bg2
Nc6 9. O-O Rc8 10. Nf5 g6 11. Ng3 Bg7 12. Be3 O-O 13. Qe2 Ne5 14. Rae1 Nc4 15.
Bc1 Qc7 16. Nd1 b4 17. b3 Nb6 18. Ne3 d5 19. exd5 Nfxd5 20. Nxd5 Nxd5 21. Bxd5
Bxd5 22. Qxe7 Qxe7 23. Rxe7 Rxc2 24. Rd7 Be6 25. Rb7 a5 26. a3 Bd5 27. Rb5 Bxb3
28. Rxa5 Bc4 29. Rd1 b3 30. Bf4 b2 31. Ne4 Ba2 32. Rb5 Rc4 33. f3 b1=Q 34.
Rdxb1 Bxb1 35. Rxb1 f5 0-1

[Event "Copenhagen Chess Challenge 2019"]
[Site "Ballerup"]
[Date "2019.05.17"]
[Round "5"]
[White "Ramsdal, Jens Albert"]
[Black "Jacobsen, Mikkel Manosri"]
[Result "1-0"]
[WhiteElo "2245"]
[BlackElo "2319"]
[PlyCount "83"]
[EventDate "2019.05.15"]
[EventRounds "9"]

1. e4 c5 2. Nf3 Nf6 3. e5 Nd5 4. Nc3 e6 5. Bc4 Nb6 6. Be2 d6 7. O-O Nc6 8. exd6
Bxd6 9. d3 O-O 10. Re1 Nd5 11. Ne4 Be7 12. Bf1 b6 13. c3 Bb7 14. d4 cxd4 15.
Nxd4 Nxd4 16. Qxd4 Qc7 17. Ng3 Bd6 18. Qh4 Rad8 19. Bg5 f6 20. Bc1 Nf4 21. Bxf4
Bxf4 22. Rxe6 Bd5 23. Ree1 g5 24. Qh3 Be5 25. Nf5 Kh8 26. Nd4 Rg8 27. Bd3 g4
28. Qh6 Rdf8 29. Be4 Bf4 30. Qh4 Bg5 31. Qh5 Bc4 32. b3 f5 33. Bxf5 Bd5 34. c4
Rxf5 35. Nxf5 Bf7 36. Qxg4 Bf6 37. Qf3 Bxa1 38. Rxa1 Qe5 39. Rc1 Rd8 40. Nh6
Bh5 41. Nf7+ Bxf7 42. Qxf7 1-0

[Event "Copenhagen Chess Challenge 2019"]
[Site "Ballerup"]
[Date "2019.05.17"]
[Round "5"]
[White "Antonsen, Mikkel"]
[Black "Thorsbro, Peter"]
[Result "1/2-1/2"]
[WhiteElo "2423"]
[BlackElo "2116"]
[PlyCount "62"]
[EventDate "2019.05.15"]
[EventRounds "9"]

1. d4 Nf6 2. c4 e6 3. Nf3 d5 4. g3 Bb4+ 5. Bd2 Bd6 6. Nc3 c6 7. Bg5 h6 8. Bxf6
Qxf6 9. Bg2 O-O 10. O-O Rd8 11. e3 Bf8 12. Ne5 Nd7 13. f4 dxc4 14. Nxc4 Nb6 15.
Qe2 Nxc4 16. Qxc4 Bd7 17. Ne4 Qe7 18. g4 e5 19. f5 exd4 20. exd4 Qb4 21. Qxb4
Bxb4 22. a3 Ba5 23. Nc5 Rab8 24. b4 Bc7 25. Rad1 Bd6 26. Be4 Be8 27. Bb1 Be7
28. Ne4 f6 29. Ba2+ Bf7 30. Bxf7+ Kxf7 31. Rf3 Rd5 1/2-1/2

[Event "Copenhagen Chess Challenge 2019"]
[Site "Ballerup"]
[Date "2019.05.17"]
[Round "5"]
[White "Hoi, Carsten"]
[Black "Brynell, Stellan"]
[Result "0-1"]
[WhiteElo "2341"]
[BlackElo "2406"]
[PlyCount "82"]
[EventDate "2019.05.15"]
[EventRounds "9"]

1. d4 e6 2. c4 Nf6 3. Nc3 Bb4 4. e3 b6 5. Nge2 Ne4 6. Bd2 Nxd2 7. Qxd2 O-O 8.
a3 Be7 9. d5 d6 10. g3 e5 11. Bg2 f5 12. O-O Nd7 13. f4 Bf6 14. Kh1 g6 15. Rae1
a5 16. Nb5 a4 17. Nec3 Nc5 18. fxe5 Bxe5 19. Ne2 Bd7 20. Nbd4 Qe7 21. Nc6 Bxc6
22. dxc6 Qg7 23. Nd4 Rae8 24. Rd1 Re7 25. Qf2 Rfe8 26. g4 fxg4 27. Qh4 h5 28.
Nf5 gxf5 29. Rxf5 Ne6 30. Bd5 Rf7 31. Rdf1 Rxf5 32. Rxf5 Qh6 33. Rxh5 Qxe3 34.
Qxg4+ Bg7 35. Rg5 Qc1+ 36. Kg2 Qxb2+ 37. Kh3 Qc3+ 38. Kg2 Qb2+ 39. Kh3 Kf7 40.
Qh5+ Ke7 41. Qf7+ Kxf7 0-1

[Event "Copenhagen Chess Challenge 2019"]
[Site "Ballerup"]
[Date "2019.05.17"]
[Round "5"]
[White "Fossan, Aleksander"]
[Black "Strange, Mikkel"]
[Result "1-0"]
[WhiteElo "2075"]
[BlackElo "2368"]
[PlyCount "47"]
[EventDate "2019.05.15"]
[EventRounds "9"]

1. e4 e5 2. Nf3 Nc6 3. Bc4 Nf6 4. d3 Bc5 5. Nc3 d6 6. Bg5 h6 7. Bxf6 Qxf6 8.
Nd5 Qd8 9. c3 a6 10. d4 Ba7 11. dxe5 Nxe5 12. Nxe5 dxe5 13. Qh5 O-O 14. Qxe5
Re8 15. Qf4 b5 16. Bb3 c5 17. Nc7 c4 18. Nxe8 cxb3 19. Nd6 Be6 20. axb3 Bb8 21.
e5 f6 22. Qe4 Ra7 23. O-O-O Bxb3 24. Nb7 1-0

[Event "Copenhagen Chess Challenge 2019"]
[Site "Ballerup"]
[Date "2019.05.17"]
[Round "5"]
[White "Jaksland, Tim"]
[Black "Vasli, Aref"]
[Result "1/2-1/2"]
[WhiteElo "2213"]
[BlackElo "2346"]
[PlyCount "76"]
[EventDate "2019.05.15"]
[EventRounds "9"]

1. Nf3 Nf6 2. c4 g6 3. b3 Bg7 4. Bb2 O-O 5. g3 d5 6. Bg2 Nc6 7. cxd5 Nxd5 8.
Bxg7 Kxg7 9. d4 Bf5 10. O-O a5 11. Qc1 Ncb4 12. a3 Nc6 13. Nbd2 Nf6 14. Qb2 Kg8
15. Rfd1 e6 16. h3 g5 17. Rac1 h6 18. Nc4 Qe7 19. Nfe5 Nd8 20. Ne3 c6 21. N3c4
Ne4 22. Nb6 Ra6 23. Nbc4 f6 24. Nd3 Ra7 25. Ne3 Bg6 26. Nc5 Nd6 27. Nc4 N8f7
28. Qc3 Nxc4 29. Qxc4 Re8 30. Qc3 Raa8 31. b4 axb4 32. axb4 Nd6 33. e3 Nb5 34.
Qb2 Bf7 35. Ra1 Kg7 36. Rxa8 Rxa8 37. Ra1 Rc8 38. Bf1 b6 1/2-1/2

[Event "Copenhagen Chess Challenge 2019"]
[Site "Ballerup"]
[Date "2019.05.17"]
[Round "5"]
[White "Sorensen, Per Settergren"]
[Black "Liu, Casper Yukun"]
[Result "0-1"]
[WhiteElo "2030"]
[BlackElo "2228"]
[PlyCount "62"]
[EventDate "2019.05.15"]
[EventRounds "9"]

1. e4 g6 2. d4 Bg7 3. Nf3 d6 4. Bc4 Nf6 5. Qe2 c6 6. Bb3 e5 7. dxe5 dxe5 8. O-O
Qc7 9. h3 O-O 10. Rd1 Na6 11. c3 Nc5 12. Bc2 h6 13. Nbd2 Rd8 14. b4 Ne6 15. Nc4
Nf4 16. Rxd8+ Qxd8 17. Bxf4 exf4 18. Rd1 Qe7 19. Nd6 Nd5 20. Rxd5 cxd5 21. e5
Be6 22. Nd4 Rd8 23. Nxe6 Qxe6 24. Nxb7 Rc8 25. Nc5 Qxe5 26. Qa6 Re8 27. Bb3
Qe1+ 28. Kh2 Qxf2 29. Nd3 Qg3+ 30. Kh1 Re3 31. Bxd5 Rxd3 0-1

[Event "Copenhagen Chess Challenge 2019"]
[Site "Ballerup"]
[Date "2019.05.17"]
[Round "5"]
[White "French, Max"]
[Black "Unneland, Mathias"]
[Result "1-0"]
[WhiteElo "2178"]
[BlackElo "2009"]
[PlyCount "81"]
[EventDate "2019.05.15"]
[EventRounds "9"]

1. d4 Nf6 2. c4 g6 3. Nc3 Bg7 4. e4 d6 5. Be2 O-O 6. Be3 c5 7. d5 e6 8. Nf3
exd5 9. cxd5 b5 10. e5 dxe5 11. Bxc5 Re8 12. Bxb5 e4 13. Nd4 Bg4 14. Nde2 Bd7
15. Bxd7 Qxd7 16. O-O Na6 17. Bd4 Nb4 18. Bxf6 Bxf6 19. a3 Na6 20. b4 Re5 21.
f3 exf3 22. Rxf3 Bg7 23. Qd3 Nc7 24. Rd1 Rd8 25. d6 Ne8 26. Ne4 Bf8 27. N2c3 f5
28. Nc5 Qf7 29. d7 Nf6 30. Qd4 Re7 31. Nd5 Nxd5 32. Qxd5 Bh6 33. Kf2 f4 34.
Qxf7+ Kxf7 35. Rfd3 Bg5 36. Nb7 Re6 37. Kf3 h5 38. Nxd8+ Bxd8 39. Kxf4 g5+ 40.
Kf3 g4+ 41. Kf2 1-0

[Event "Copenhagen Chess Challenge 2019"]
[Site "Ballerup"]
[Date "2019.05.17"]
[Round "5"]
[White "Laustsen, Lars"]
[Black "Andersen, Kim Nyvang"]
[Result "1/2-1/2"]
[WhiteElo "2140"]
[BlackElo "2004"]
[PlyCount "138"]
[EventDate "2019.05.15"]
[EventRounds "9"]

1. d4 Nf6 2. c4 g6 3. g3 Bg7 4. Bg2 d6 5. Nf3 O-O 6. O-O Nc6 7. Nc3 Bf5 8. d5
Na5 9. Nd2 c5 10. e4 Bd7 11. Qc2 a6 12. b3 b5 13. Bb2 Rb8 14. Rab1 bxc4 15.
bxc4 Ng4 16. Nd1 Bxb2 17. Nxb2 e5 18. Qc3 Qc7 19. f3 Nh6 20. f4 f6 21. Nd3 Nf7
22. Rxb8 Rxb8 23. fxe5 fxe5 24. Nf2 Nb7 25. Bh3 Bxh3 26. Nxh3 Qd7 27. Qf3 Nbd8
28. Ng5 Rb2 29. Qf6 Qe8 30. Ne6 Nxe6 31. Qxe6 Rb8 32. Nf3 Kg7 33. Qxe8 Rxe8 34.
Rb1 Re7 35. Rb6 Ra7 36. h4 h6 37. g4 Kf6 38. Kg2 Ke7 39. Nd2 Kd7 40. Nb3 Nd8
41. Nxc5+ dxc5 42. Rxg6 Nf7 43. a4 Rb7 44. Rxa6 Nd6 45. h5 Rb2+ 46. Kh3 Rb3+
47. Kh4 Re3 48. Rc6 Rxe4 49. Rxc5 Nxc4 50. Rc6 Nd6 51. Ra6 Rd4 52. Ra7+ Ke8 53.
Ra8+ Ke7 54. a5 Rxd5 55. a6 Ra5 56. g5 Ra4+ 57. Kh3 hxg5 58. h6 Rh4+ 59. Kg2
Nb5 60. Rb8 Rxh6 61. Rxb5 Rxa6 62. Rxe5+ Kf6 63. Re2 Kf5 64. Rb2 Ra4 65. Rb5+
Kg4 66. Rb2 Re4 67. Ra2 Kf4 68. Rf2+ Ke3 69. Rf3+ Kd4 1/2-1/2

[Event "Copenhagen Chess Challenge 2019"]
[Site "Ballerup"]
[Date "2019.05.17"]
[Round "5"]
[White "Saltvedt, Martin"]
[Black "Rishovd, Svein"]
[Result "0-1"]
[WhiteElo "2018"]
[BlackElo "2105"]
[PlyCount "142"]
[EventDate "2019.05.15"]
[EventRounds "9"]

1. d4 d5 2. Bf4 c5 3. c3 Nc6 4. e3 Nf6 5. Nd2 cxd4 6. exd4 Bf5 7. Ngf3 e6 8.
Bb5 a6 9. Ba4 b5 10. Bc2 Bxc2 11. Qxc2 Be7 12. O-O Nh5 13. Be3 O-O 14. Ne5 Nxe5
15. dxe5 g6 16. f4 f5 17. Nb3 Qc7 18. Qf2 Rfc8 19. Rac1 Ng7 20. Kh1 Rab8 21.
Rg1 a5 22. Nd4 Qd7 23. Qe2 b4 24. cxb4 axb4 25. Rc2 Rxc2 26. Qxc2 Rc8 27. Qb3
Rc4 28. Rc1 Qc8 29. Qd1 Bc5 30. b3 Bxd4 31. Rxc4 dxc4 32. Qxd4 cxb3 33. axb3
Qc3 34. Qxc3 bxc3 35. Kg1 Kf7 36. Kf2 Ke8 37. Ke2 Kd7 38. Kd3 c2 39. Kxc2 Kc6
40. Kd3 Ne8 41. Ke2 Nc7 42. Kf3 Kd5 43. Bb6 Nb5 44. g4 Nc3 45. gxf5 gxf5 46.
Be3 Nb5 47. Kg3 Ke4 48. Bc5 Nc3 49. b4 Ne2+ 50. Kh4 Nxf4 51. Bd6 Ng6+ 52. Kg5
Nxe5 53. Kf6 Nc4 54. Bc5 Kd5 55. Bf2 Ne5 56. Bg3 Nd3 57. b5 f4 58. Bxf4 Nxf4
59. b6 Kc6 60. Ke5 Kxb6 61. Kxf4 Kc6 62. Ke5 Kd7 63. Kf6 Kd6 64. h4 e5 65. h5
e4 66. h6 e3 67. Kg7 e2 68. Kxh7 e1=Q 69. Kg7 Qg3+ 70. Kh8 Qe5+ 71. Kg8 Qg5+
0-1

[Event "Copenhagen Chess Challenge 2019"]
[Site "Ballerup"]
[Date "2019.05.17"]
[Round "5"]
[White "Lilja, Richard"]
[Black "Tandrup, Michael"]
[Result "1/2-1/2"]
[WhiteElo "2103"]
[BlackElo "1982"]
[PlyCount "156"]
[EventDate "2019.05.15"]
[EventRounds "9"]

1. e4 d5 2. exd5 Qxd5 3. Nc3 Qd8 4. d4 Nf6 5. Bc4 e6 6. Nf3 c6 7. O-O Be7 8.
Bg5 Nbd7 9. a3 O-O 10. Re1 Nb6 11. Bd3 Nfd5 12. Bxe7 Qxe7 13. Ne2 Qc7 14. Qd2
Nf6 15. b4 Nbd7 16. Ng3 b6 17. c4 c5 18. dxc5 bxc5 19. Ne4 Bb7 20. b5 Nxe4 21.
Bxe4 Rad8 22. Bxb7 Qxb7 23. Qe3 Qc7 24. a4 h6 25. a5 Rfe8 26. Ne5 Nxe5 27. Qxe5
Qc8 28. b6 axb6 29. axb6 f6 30. Qb2 Qc6 31. Ra7 Rb8 32. Rb1 Rb7 33. Rxb7 Qxb7
34. Qa3 Rc8 35. Rb5 Ra8 36. Ra5 Rd8 37. h3 Qxb6 38. Rb5 Rd1+ 39. Kh2 Qc7+ 40.
Qg3 e5 41. Qb3 Rd4 42. Rb7 Qd6 43. Qg3 Qf8 44. Qa3 Qd6 45. Qa7 Qf8 46. Rc7 e4
47. Qxc5 Qxc5 48. Rxc5 e3 49. fxe3 Re4 50. Kg3 Rxe3+ 51. Kf4 Re2 52. g3 Kh7 53.
Rd5 Kg6 54. g4 Rc2 55. c5 Kf7 56. Rd7+ Kg6 57. Rd5 Kf7 58. Ke4 Rc3 59. Kd4 Rc1
60. Rd7+ Ke6 61. Rxg7 Rh1 62. Rh7 Rxh3 63. c6 Rg3 64. c7 Rxg4+ 65. Kc5 Rg8 66.
Kb6 Rc8 67. Kb7 Rxc7+ 68. Kxc7 f5 69. Rxh6+ Ke5 70. Kd7 f4 71. Re6+ Kd4 72.
Rd6+ Ke3 73. Re6+ Kd3 74. Rf6 Ke3 75. Re6+ Kd3 76. Rd6+ Ke3 77. Rf6 f3 78.
Rxf3+ Kxf3 1/2-1/2

[Event "Copenhagen Chess Challenge 2019"]
[Site "Ballerup"]
[Date "2019.05.17"]
[Round "5"]
[White "Hvalsoe, Rune"]
[Black "Basak, Souhardo"]
[Result "0-1"]
[WhiteElo "2004"]
[BlackElo "2082"]
[PlyCount "50"]
[EventDate "2019.05.15"]
[EventRounds "9"]

1. e4 c5 2. d4 cxd4 3. c3 dxc3 4. Nxc3 Nc6 5. Bc4 d6 6. Nf3 a6 7. O-O Nf6 8.
Bf4 Bg4 9. Qb3 e6 10. Qxb7 Na5 11. Qb4 e5 12. Ng5 d5 13. Qa4+ Bd7 14. Qc2 Nxc4
15. Nxd5 Rc8 16. Bd2 Nxd5 17. exd5 f6 18. Nxh7 Kf7 19. Nxf8 Qxf8 20. Bc3 g5 21.
f4 gxf4 22. g3 Qh6 23. gxf4 Rcg8+ 24. Kh1 Bf5 25. Qxf5 Qxh2# 0-1

[Event "Copenhagen Chess Challenge 2019"]
[Site "Ballerup"]
[Date "2019.05.17"]
[Round "5"]
[White "Svendsen, Mads O"]
[Black "Lye, Sverre"]
[Result "0-1"]
[WhiteElo "2062"]
[BlackElo "1749"]
[PlyCount "60"]
[EventDate "2019.05.15"]
[EventRounds "9"]

1. e4 c5 2. Nf3 Nc6 3. d4 cxd4 4. Nxd4 e5 5. Nb5 d6 6. N1c3 a6 7. Na3 b5 8. Nd5
Nge7 9. c3 Nxd5 10. Qxd5 Bb7 11. Qd1 Ne7 12. Nxb5 axb5 13. Bxb5+ Bc6 14. Bxc6+
Nxc6 15. b4 Be7 16. Qd5 Qc8 17. O-O O-O 18. a4 Qd7 19. Be3 Rfc8 20. a5 Qe6 21.
a6 Qxd5 22. exd5 Na7 23. Rfb1 Nb5 24. Ra5 Nxc3 25. Rba1 Bd8 26. a7 Bxa5 27.
Rxa5 Rc4 28. b5 Nxd5 29. Ra6 Rb4 30. h3 Rxb5 0-1

[Event "Copenhagen Chess Challenge 2019"]
[Site "Ballerup"]
[Date "2019.05.17"]
[Round "5"]
[White "Nesse, David"]
[Black "Nielsen, Viktor Haarmark"]
[Result "0-1"]
[WhiteElo "1764"]
[BlackElo "2279"]
[PlyCount "60"]
[EventDate "2019.05.15"]
[EventRounds "9"]

1. e4 e5 2. Nf3 Nc6 3. Nc3 Nf6 4. d4 exd4 5. Nxd4 Bb4 6. Nxc6 bxc6 7. Bd3 O-O
8. O-O d5 9. exd5 cxd5 10. Bg5 c6 11. Na4 Bd6 12. c3 h6 13. Bh4 Re8 14. Bc2 a5
15. Qd4 Be5 16. Qd1 Qd6 17. Bg3 Bxg3 18. fxg3 Ba6 19. Bd3 Bb5 20. c4 Bxa4 21.
Qxa4 Ng4 22. Qa3 Qe5 23. Kh1 Qd4 24. Rf4 Nf2+ 25. Kg1 Nh3+ 26. Kh1 Nxf4 27.
gxf4 Re3 28. Rd1 dxc4 29. Bh7+ Kxh7 30. Rxd4 Re1# 0-1

[Event "Copenhagen Chess Challenge 2019"]
[Site "Ballerup"]
[Date "2019.05.17"]
[Round "5"]
[White "Eriksson, Christian Altenburg"]
[Black "Saravana, Vedant Kumar"]
[Result "1-0"]
[WhiteElo "2146"]
[BlackElo "1845"]
[PlyCount "89"]
[EventDate "2019.05.15"]
[EventRounds "9"]

1. e4 e5 2. Nf3 Nc6 3. d4 exd4 4. Bc4 Nf6 5. e5 d5 6. Bb5 Ne4 7. Nxd4 Bd7 8.
Bxc6 Bxc6 9. O-O Bc5 10. Nxc6 bxc6 11. Qg4 Qd7 12. Qf4 O-O 13. Nd2 Nxd2 14.
Bxd2 Qe6 15. Bc3 Rfe8 16. Rfe1 Rad8 17. Rad1 Rd7 18. b4 Bf8 19. Qd4 Ra8 20. h3
g6 21. f4 Bg7 22. Qf2 h5 23. a3 Rdd8 24. Rd3 Re8 25. Qf3 Rad8 26. g4 h4 27. Qf2
Qe7 28. Bd4 a6 29. Rde3 Qe6 30. Qxh4 Qe7 31. Qf2 Qe6 32. f5 gxf5 33. gxf5 Qh6
34. f6 Bf8 35. Rg3+ Kh8 36. Rg4 Qh7 37. e6 Bh6 38. e7 Rc8 39. Kh2 Ra8 40. Rh4
Rg8 41. Be3 Rg6 42. Bxh6 Rxh6 43. e8=Q+ Rxe8 44. Rxe8+ Qg8 45. Rxh6# 1-0

[Event "Copenhagen Chess Challenge 2019"]
[Site "Ballerup"]
[Date "2019.05.17"]
[Round "5"]
[White "Sidali, Elias Hulleberg"]
[Black "Joensson, Jacob"]
[Result "1/2-1/2"]
[WhiteElo "1953"]
[BlackElo "1970"]
[PlyCount "67"]
[EventDate "2019.05.15"]
[EventRounds "9"]

1. e4 e6 2. d4 d5 3. Nc3 Bb4 4. e5 c5 5. a3 Bxc3+ 6. bxc3 Qa5 7. Qd2 Nc6 8. Nf3
b6 9. Bd3 Ba6 10. O-O Bxd3 11. Qxd3 c4 12. Qd2 O-O-O 13. a4 f6 14. Re1 Re8 15.
Bb2 h6 16. Qf4 g5 17. Qg3 f5 18. h4 g4 19. Nd2 h5 20. f4 Nge7 21. Qe3 Kd7 22.
g3 Rb8 23. Ba3 Ke8 24. Bd6 Ra8 25. Reb1 Qa6 26. Rb2 Kf7 27. Nb1 Nc8 28. Bb4 Qb7
29. Na3 a6 30. Rab1 Nb8 31. a5 b5 32. Bc5 Na7 33. Bxa7 Rxa7 34. Ra1 1/2-1/2

[Event "Copenhagen Chess Challenge 2019"]
[Site "Ballerup"]
[Date "2019.05.17"]
[Round "5"]
[White "Steenstrup, Svend"]
[Black "Tenold, Andreas"]
[Result "0-1"]
[WhiteElo "1936"]
[BlackElo "1969"]
[PlyCount "140"]
[EventDate "2019.05.15"]
[EventRounds "9"]

1. d4 Nf6 2. c4 e6 3. Nc3 Bb4 4. f3 d5 5. a3 Bxc3+ 6. bxc3 Nbd7 7. Qc2 O-O 8.
e4 dxe4 9. fxe4 e5 10. Bd3 Re8 11. Ne2 exd4 12. cxd4 Nxe4 13. O-O Ndf6 14. Bb2
Qd6 15. c5 Qc6 16. a4 Qd5 17. Nf4 Qg5 18. Rae1 Bf5 19. Bc1 Qg4 20. Be2 Qh4 21.
Nd3 Bg4 22. Rf4 Qh5 23. Ne5 Bxe2 24. Rxe2 Nc3 25. Re3 Ncd5 26. Rh3 Nxf4 27.
Bxf4 Qxh3 28. gxh3 Nd5 29. Bh6 c6 30. Qg2 g6 31. Qf2 f6 32. Nc4 b6 33. Nd6 Re6
34. h4 bxc5 35. dxc5 Re7 36. h5 Rb8 37. hxg6 hxg6 38. h4 Rb1+ 39. Kh2 Rbe1 40.
Kg3 R7e2 41. Qf3 Re3 42. Bxe3 Rxe3 43. Qxe3 Nxe3 44. Nc8 Nf5+ 45. Kg4 a6 46.
Kf4 Nd4 47. Ke4 Nb3 48. Ne7+ Kg7 49. Nxc6 Nxc5+ 50. Kd4 Nxa4 51. Nb8 Kh6 52.
Nxa6 Kh5 53. Nb4 Kxh4 54. Nd5 Kg5 55. Ke3 Nc5 56. Kf3 Ne6 57. Kg3 f5 58. Ne7
Kh5 59. Ng8 g5 60. Ne7 f4+ 61. Kf2 g4 62. Nd5 Kh4 63. Nc3 Ng5 64. Nd5 g3+ 65.
Kg1 f3 66. Kh1 Ne6 67. Ne3 Kh3 68. Kg1 Nf4 69. Nd1 Ne2+ 70. Kf1 g2+ 0-1

[Event "Copenhagen Chess Challenge 2019"]
[Site "Ballerup"]
[Date "2019.05.17"]
[Round "5"]
[White "Bendixen, Daniel"]
[Black "Werner, Jakob"]
[Result "1/2-1/2"]
[WhiteElo "1957"]
[BlackElo "1686"]
[PlyCount "127"]
[EventDate "2019.05.15"]
[EventRounds "9"]

1. e4 d6 2. d4 Nf6 3. Nc3 g6 4. Nf3 Bg7 5. h3 O-O 6. Bc4 c5 7. O-O Nc6 8. dxc5
dxc5 9. Bf4 Nd7 10. Qe2 Nd4 11. Nxd4 cxd4 12. Nd5 e5 13. Bd2 b6 14. c3 Bb7 15.
cxd4 exd4 16. f4 Nc5 17. Qf3 Kh8 18. b4 Nd7 19. Qd3 Nf6 20. Nxf6 Bxf6 21. Rad1
a6 22. Bc1 b5 23. Bb3 Qc7 24. Bb2 Rad8 25. Rf2 Qe7 26. e5 Bg7 27. a3 f6 28. e6
f5 29. Rc2 Rd6 30. Rdc1 Be4 31. Qd2 Bxc2 32. Rxc2 Re8 33. Qc1 d3 34. Rc7 d2 35.
Bxg7+ Qxg7 36. Qc5 Qd4+ 37. Qxd4+ Rxd4 38. Rd7 Rxd7 39. exd7 Rd8 40. Kf2 Rxd7
41. Ke2 Kg7 42. Bc2 Kf6 43. Bb3 g5 44. fxg5+ Kxg5 45. g3 f4 46. h4+ Kh5 47.
gxf4 Kg6 48. Bc2+ Kf6 49. Kd1 Rd6 50. Bxh7 Kg7 51. Bc2 Kh6 52. f5 Kh5 53. f6
Rxf6 54. Kxd2 Rf2+ 55. Kc3 Kxh4 56. a4 Rf3+ 57. Kb2 Rf4 58. Kc3 Kg5 59. axb5
axb5 60. Bd3 Rf3 61. Kd4 Rf4+ 62. Kc5 Rxb4 63. Kxb4 Kf4 64. Bxb5 1/2-1/2

[Event "Copenhagen Chess Challenge 2019"]
[Site "Ballerup"]
[Date "2019.05.17"]
[Round "5"]
[White "Andersen, Daniel"]
[Black "Nielsen, Thomas"]
[Result "0-1"]
[WhiteElo "1862"]
[BlackElo "1933"]
[PlyCount "80"]
[EventDate "2019.05.15"]
[EventRounds "9"]

1. c4 e6 2. e3 d5 3. b3 Nf6 4. Bb2 g6 5. Nf3 Bg7 6. Be2 c5 7. cxd5 exd5 8. d4
cxd4 9. Nxd4 O-O 10. O-O Nc6 11. Nd2 Re8 12. Rc1 Nxd4 13. Bxd4 Qa5 14. Qc2 Ne4
15. Bxg7 Kxg7 16. Qb2+ Kg8 17. Rfd1 Be6 18. b4 Qb6 19. Nf3 a5 20. b5 Rad8 21.
Nd4 Bc8 22. Qc2 Qf6 23. Bf3 Ng5 24. Be2 Ne4 25. Bd3 h5 26. Bxe4 dxe4 27. Qc7 a4
28. Qa5 Qg5 29. Kh1 Bg4 30. Rg1 h4 31. Qxa4 Qf6 32. Qc2 h3 33. Qc3 Qxf2 34. Rc2
hxg2+ 35. Rxg2 Qf1+ 36. Rg1 Bf3+ 37. Nxf3 Qxf3+ 38. Rcg2 Rd3 39. Qc7 Red8 40.
Qc1 Rd1 0-1